000 00880nam a22002537a 4500
005 20250522151645.0
008 250522b |||||||| |||| 00| 0 eng d
020 _a978-1-4408-8041-4 (pbk)
037 _cTB
040 _aAL
_cAL
041 _2eng
_aeng
084 _aO111:g(T:3,16) R4
_qAL
100 _aBober, Tom
_9810326
245 _aLiterature and primary sources:
_bThe perfect pairing for student learning
260 _aNew York, USA:
_bBloomsbury Library Unlimited,
_c2024.
300 _axi, 138p.
365 _b36.99
_cUKP
650 _aEnglish Literature
650 _aTeaching Technique
650 _aLearning
_9810327
700 _aNewland, Rebecca
_e.author
_9810328
942 _2CC
_cTB
_hO111:g(T:3,16) R4
_n0
999 _c1430911
_d1430911